|
|
|
|
| LEADER |
00000nam a2200000Ii 4500 |
| 001 |
DIGUAGANA0022 |
| 003 |
NyNyDIG |
| 006 |
m o d |
| 007 |
cr ||||||||||| |
| 008 |
241206s2021 ck a ob 000 0 spa d |
| 035 |
|
|
|a (OCoLC)1475657997
|
| 040 |
|
|
|a DGITA
|b eng
|e rda
|e pn
|c DGITA
|
| 020 |
|
|
|a 9786124435416
|q eBook
|
| 041 |
0 |
|
|a spa
|b spa
|b eng
|
| 043 |
|
|
|a cl-----
|
| 050 |
1 |
4 |
|a RA644.C67 ebook
|
| 245 |
0 |
0 |
|a Una mirada latinoamericana a la pandemia de COVID-19 :
|b reflexiones desde las ciencias sociales y las humanidades /
|c editores, Eduardo Campechano-Escalona, Ruth Cuasialpud Canchala.
|
| 250 |
|
|
|a Primera edición.
|
| 264 |
|
1 |
|a Bogotá, Colombia :
|b Editorial Uniagustiniana ;
|a Lima, Perú :
|b Fondo Editorial Universidad César Vallejo,
|c [2021]
|
| 300 |
|
|
|a 1 online resource :
|b illustrations.
|
| 336 |
|
|
|a text
|b txt
|2 rdacontent
|
| 337 |
|
|
|a computer
|b c
|2 rdamedia
|
| 338 |
|
|
|a online resource
|b cr
|2 rdacarrier
|
| 347 |
|
|
|a text file
|2 rdaft
|
| 347 |
|
|
|b PDF
|
| 504 |
|
|
|a Includes bibliographical references.
|
| 546 |
|
|
|a Text in Spanish with abstract in Spanish and English in each chapter.
|
| 588 |
0 |
|
|a Online resource; title from PDF title page (Digitalia, viewed December 6, 2024)
|
| 650 |
|
0 |
|a COVID-19 (Disease)
|x Social aspects
|z Latin America.
|
| 700 |
1 |
|
|a Campechano Escalona, Eduardo,
|e editor.
|
| 700 |
1 |
|
|a Cuasialpud Canchala, Ruth,
|e editor.
|
| 791 |
2 |
|
|a Digitalia (Firm),
|e distributor.
|
| 793 |
0 |
|
|g Digitalia eBook Collection:
|a Editorial Uniagustiniana
|
| 856 |
4 |
0 |
|3 Digitalia Hispánica
|u https://www.digitaliapublishing.com/a/162819/
|
| 910 |
|
|
|a Premium collection: 2024
|